[Event "XV Konik Morski Rewala - Open B"]
[Site "Rewal"]
[Date "2010.08.19"]
[Round "1.1"]
[White "Korcz, Daniel"]
[Black "Szczecina, Michal"]
[Result "0-1"]
[WhiteElo "1804"]
[BlackElo "2100"]
[PlyCount "64"]
[EventDate "2010.??.??"]

1. e4 c6 2. d4 d5 3. Nc3 dxe4 4. Nxe4 Bf5 5. Ng3 Bg6 6. h4 h6 7. h5 Bh7 8. Nf3
Nd7 9. Bd3 Bxd3 10. Qxd3 Qc7 11. Bd2 Ngf6 12. O-O-O e6 13. c4 Bd6 14. Ne4 Nxe4
15. Qxe4 Nf6 16. Qe2 Bf4 17. g3 Bxd2+ 18. Nxd2 O-O-O 19. Nb3 Nd7 20. Kb1 Nb6
21. Nc5 Qe7 22. b3 Qf6 23. Qe3 Rhe8 24. f4 Qf5+ 25. Qd3 Rxd4 26. Qxf5 Rxd1+ 27.
Rxd1 exf5 28. a4 a5 29. Kc2 Re7 30. Rg1 Nd7 31. Nd3 Nf6 32. Ne5 Nxh5 0-1

[Event "XV Konik Morski Rewala - Open B"]
[Site "Rewal"]
[Date "2010.08.19"]
[Round "1.2"]
[White "Dowgird, Filip"]
[Black "Stankowski, Aleksander"]
[Result "1-0"]
[WhiteElo "2096"]
[BlackElo "1804"]
[PlyCount "93"]
[EventDate "2010.??.??"]

1. e4 Nf6 2. e5 Nd5 3. d4 d6 4. Nf3 Bg4 5. Be2 Nc6 6. c4 Nb6 7. exd6 cxd6 8.
Nbd2 Bf5 9. a3 e6 10. b4 a6 11. Bb2 d5 12. c5 Nd7 13. O-O b5 14. Qb3 Qb8 15.
Rfe1 Be7 16. Bc3 g5 17. Bf1 f6 18. a4 Na7 19. Ra2 h5 20. axb5 Nxb5 21. Rea1 h4
22. Bb2 g4 23. Ne1 g3 24. fxg3 hxg3 25. Qxg3 Qxg3 26. hxg3 Bf8 27. Rxa6 Rb8 28.
Ndf3 Nc7 29. Ra7 Kd8 30. Bc3 e5 31. R7a5 Bh6 32. Kf2 e4 33. Nh4 e3+ 34. Kg1 Bg4
35. Nef3 Bxf3 36. gxf3 Rg8 37. Kh2 f5 38. Nxf5 Nf6 39. Nxh6 Rh8 40. Kg2 Rxh6
41. Bd3 Ke7 42. Rh1 Rbh8 43. Rxh6 Rxh6 44. b5 Ne6 45. Ra7+ Ke8 46. b6 e2 47. b7
1-0

[Event "XV Konik Morski Rewala - Open B"]
[Site "Rewal"]
[Date "2010.08.19"]
[Round "1.3"]
[White "Polok, Robert"]
[Black "Choroszej, Aleksander"]
[Result "1/2-1/2"]
[WhiteElo "1795"]
[BlackElo "2095"]
[PlyCount "139"]
[EventDate "2010.??.??"]

1. e4 g6 2. d4 Bg7 3. Nc3 d6 4. Bc4 Nf6 5. f3 c6 6. Be3 Nbd7 7. a4 b6 8. Nge2
Bb7 9. Qd2 a6 10. g4 b5 11. axb5 axb5 12. Rxa8 Qxa8 13. Bb3 Nb6 14. Ng3 b4 15.
Na2 Nfd7 16. Qxb4 O-O 17. c4 e5 18. d5 c5 19. Qd2 Ba6 20. Qc2 Qb7 21. Nc1 Rb8
22. Ba2 Nxc4 23. Bxc4 Qb4+ 24. Bd2 Qxc4 25. Qxc4 Bxc4 26. Bc3 Bh6 27. Kd1 Nb6
28. Kc2 Na4 29. Nge2 Ba6 30. Rd1 c4 31. Na2 f5 32. Nb4 Bc8 33. Nc6 Rb7 34. Ra1
Nb6 35. Ba5 Bf8 36. gxf5 gxf5 37. Rg1+ Kh8 38. Nd8 Na4 39. Nxb7 Bxb7 40. Bd8 h6
41. Ng3 fxe4 42. fxe4 Bc8 43. Nh5 Nc5 44. Nf6 Bg7 45. Ne8 Bf8 46. Rf1 Kg8 47.
Nf6+ Kg7 48. Ne8+ Kg8 49. Rxf8+ Kxf8 50. Nxd6 Bh3 51. Bb6 Nxe4 52. Nxc4 Nf6 53.
Nxe5 Nxd5 54. Bc5+ Kg7 55. Kd3 Kf6 56. Ke4 Ke6 57. Nd3 Bf5+ 58. Kd4 Bh7 59. Bf8
Bxd3 60. Kxd3 h5 61. b4 Nf6 62. Bc5 Kd5 63. Bf2 Ne4 64. Bg3 Ng5 65. Ke3 Ne6 66.
Kd3 Nd4 67. Kc3 Nb5+ 68. Kd3 Nd4 69. Kc3 Nb5+ 70. Kd3 1/2-1/2

[Event "XV Konik Morski Rewala - Open B"]
[Site "Rewal"]
[Date "2010.08.19"]
[Round "1.4"]
[White "Nowak, Ryszard"]
[Black "Botor, Michalina"]
[Result "1-0"]
[WhiteElo "2091"]
[BlackElo "1785"]
[PlyCount "53"]
[EventDate "2010.??.??"]

1. c4 c5 2. Nf3 Nc6 3. d4 cxd4 4. Nxd4 g6 5. b3 Bg7 6. Bb2 Nf6 7. Nc3 O-O 8. g3
d5 9. Nxc6 bxc6 10. Bg2 e6 11. O-O Qc7 12. Rc1 Qe7 13. cxd5 exd5 14. Na4 Bd7
15. e3 Rac8 16. Bd4 Qd8 17. Bxa7 Bf5 18. Bd4 Re8 19. Qd2 Ne4 20. Qb2 Bxd4 21.
Qxd4 Qd6 22. Nc5 Ra8 23. a4 Rab8 24. b4 Nxc5 25. Rxc5 Rb7 26. b5 Be6 27. Rxc6
1-0

[Event "XV Konik Morski Rewala - Open B"]
[Site "Rewal"]
[Date "2010.08.19"]
[Round "1.5"]
[White "Paszewski, Mateusz"]
[Black "Gonsior, Monika"]
[Result "0-1"]
[WhiteElo "1781"]
[BlackElo "2087"]
[PlyCount "68"]
[EventDate "2010.??.??"]

1. c4 e5 2. g3 g6 3. Bg2 Bg7 4. Nc3 Ne7 5. e4 O-O 6. Nge2 Nbc6 7. d3 d6 8. Be3
f5 9. Qd2 Nd4 10. f4 c5 11. O-O Rb8 12. Rab1 Nec6 13. Nd5 Be6 14. Rf2 fxe4 15.
dxe4 b5 16. cxb5 Rxb5 17. Nec3 Rb7 18. Rbf1 Rbf7 19. fxe5 Nxe5 20. Rxf7 Rxf7
21. Rxf7 Bxf7 22. Bxd4 cxd4 23. Ne2 Bxd5 24. exd5 Qb6 25. Kh1 Nc4 26. Qc2 Qb4
27. Bh3 Bh6 28. Qe4 Qe1+ 29. Kg2 Ne5 30. Qc2 Be3 31. Be6+ Kg7 32. Qc7+ Kh6 33.
Nxd4 Qg1+ 34. Kh3 Qf1+ 0-1

[Event "XV Konik Morski Rewala - Open B"]
[Site "Rewal"]
[Date "2010.08.19"]
[Round "1.6"]
[White "Janus, Przemyslaw"]
[Black "Mostowski, Boguslaw"]
[Result "1-0"]
[WhiteElo "2085"]
[BlackElo "1779"]
[PlyCount "65"]
[EventDate "2010.??.??"]

1. d4 Nf6 2. c4 e6 3. Nc3 d5 4. Bg5 Be7 5. Nf3 h6 6. Bh4 O-O 7. e3 c6 8. Qc2
Nbd7 9. Rd1 dxc4 10. Bxc4 Nd5 11. Bxe7 Qxe7 12. O-O b5 13. Bxd5 exd5 14. Ne2
Bb7 15. Nf4 Rac8 16. Qb3 g6 17. Rc1 Kg7 18. Nd3 a5 19. Nc5 Ba8 20. a4 b4 21.
Nxd7 Qxd7 22. Ne5 Qe8 23. Rc5 f6 24. Nd3 Qd8 25. Nf4 Re8 26. Qd3 f5 27. Qa6 g5
28. Nd3 f4 29. Ne5 Qd6 30. Rfc1 fxe3 31. fxe3 Qd8 32. Qxa5 Rxe5 33. Qxd8 1-0

[Event "XV Konik Morski Rewala - Open B"]
[Site "Rewal"]
[Date "2010.08.18"]
[Round "1.7"]
[White "Laszewski, Kazimierz"]
[Black "Tobolski, Jakub"]
[Result "0-1"]
[WhiteElo "1769"]
[BlackElo "2073"]
[PlyCount "88"]
[EventDate "2010.??.??"]

1. e4 e5 2. Nf3 Nc6 3. Bb5 a6 4. Ba4 Nf6 5. O-O Be7 6. Re1 b5 7. Bb3 O-O 8. c3
d6 9. h3 Na5 10. Bc2 c5 11. d4 Qc7 12. Bg5 Bd7 13. dxe5 dxe5 14. Nbd2 Rfd8 15.
Qe2 h6 16. Bh4 b4 17. c4 Be6 18. b3 Nh5 19. Bxe7 Nf4 20. Qe3 Qxe7 21. Nf1 Nc6
22. Kh2 Nd4 23. Nxd4 cxd4 24. Qg3 Rd6 25. Rad1 Rad8 26. Bd3 Bc8 27. f3 Rg6 28.
Qf2 Rxg2+ 29. Qxg2 Nxg2 30. Kxg2 Qh4 31. Nh2 Rd6 32. Rg1 Rg6+ 33. Kh1 Rxg1+ 34.
Kxg1 Bxh3 35. Bf1 Qg3+ 36. Kh1 Bxf1 37. Rxf1 h5 38. c5 Qg6 39. Rc1 Qc6 40. Nf1
Kf8 41. Kh2 h4 42. Kh3 Qe6+ 43. Kh2 Qf6 44. Kg2 Qg5+ 0-1

[Event "XV Konik Morski Rewala - Open B"]
[Site "Rewal"]
[Date "2010.08.19"]
[Round "1.9"]
[White "Mackiewicz, Piotr"]
[Black "Szydlowska-Duda, Marta"]
[Result "0-1"]
[WhiteElo "1764"]
[BlackElo "2063"]
[PlyCount "102"]
[EventDate "2010.??.??"]

1. d4 d5 2. c4 e6 3. Nf3 Nf6 4. Nc3 Be7 5. Bg5 O-O 6. e3 Nbd7 7. Qc2 dxc4 8.
Bxc4 c5 9. O-O a6 10. a4 b6 11. Rad1 cxd4 12. Rxd4 h6 13. Bh4 Bc5 14. Rd2 Qc7
15. Bg3 Qc6 16. Be2 Bb7 17. Rfd1 Bb4 18. Bd6 Bxd6 19. Rxd6 Qc7 20. e4 Rac8 21.
Qb1 Nc5 22. e5 Nfe4 23. Nxe4 Bxe4 24. Qa2 Bc2 25. Re1 Bb3 26. Qa3 Bd5 27. Qb4
Rb8 28. Rc1 f6 29. Qf4 fxe5 30. Qxe5 Rf5 31. Qg3 Qb7 32. Rd7 Nxd7 33. Rc7 Qa8
34. Rxd7 Rf7 35. Rxf7 Kxf7 36. Ne5+ Kg8 37. Bd3 Rc8 38. f3 Rc1+ 39. Kf2 Qe8 40.
Bg6 Qxa4 41. Bf7+ Kf8 42. Ng6+ Kxf7 43. Nh8+ Kg8 44. Qb8+ Kh7 45. Nf7 Qc2+ 46.
Ke3 Re1+ 47. Kf4 Qf5+ 48. Kg3 Qxf7 49. Qxb6 Re2 50. Qxa6 Rxg2+ 51. Kh4 g5+ 0-1

[Event "XV Konik Morski Rewala - Open B"]
[Site "Rewal"]
[Date "2010.08.19"]
[Round "1.10"]
[White "Matuszczyk, Przemyslaw"]
[Black "Karwowski, Kacper"]
[Result "1/2-1/2"]
[WhiteElo "2059"]
[BlackElo "1761"]
[PlyCount "85"]
[EventDate "2010.??.??"]

1. e4 c5 2. Nf3 e6 3. d4 cxd4 4. Nxd4 Nc6 5. Nxc6 bxc6 6. Bd3 Nf6 7. O-O d5 8.
e5 Nd7 9. Qe2 Qc7 10. f4 Bc5+ 11. Kh1 a5 12. Nd2 a4 13. Nf3 Qb6 14. f5 Nf8 15.
Ng5 h6 16. Qh5 Ra7 17. fxe6 Bxe6 18. Nxe6 Nxe6 19. Bf5 O-O 20. Bxh6 g6 21. Qg4
Ng7 22. e6 fxe6 23. Bxe6+ Kh7 24. Bxg7 Kxg7 25. Rxf8 Bxf8 26. Rf1 Qxb2 27. Bf5
Qf6 28. Bd3 Qe7 29. Qxg6+ Kh8 30. Rf3 Qe1+ 31. Bf1 Bg7 32. Rh3+ Kg8 33. Qh7+
Kf8 34. Rf3+ Rf7 35. Rxf7+ Kxf7 36. Qf5+ Ke7 37. g3 Bd4 38. Qg5+ Kd6 39. Qf4+
Kc5 40. Qf8+ Kb6 41. Qd8+ Kc5 42. Qf8+ Kb6 43. Qd8+ 1/2-1/2

[Event "XV Konik Morski Rewala - Open B"]
[Site "Rewal"]
[Date "2010.08.19"]
[Round "1.12"]
[White "Milanowski, Jan"]
[Black "Biszof, Henryk"]
[Result "1-0"]
[WhiteElo "2049"]
[BlackElo "1739"]
[PlyCount "103"]
[EventDate "2010.??.??"]

1. d4 Nf6 2. Nf3 g6 3. Bf4 d6 4. e3 Bg7 5. c3 O-O 6. h3 Nbd7 7. Be2 Nh5 8. Bh2
c6 9. Nbd2 Nhf6 10. a4 Re8 11. O-O a6 12. a5 e5 13. Nc4 e4 14. Nfd2 d5 15. Nd6
Re6 16. Qb3 Ra7 17. c4 Bf8 18. Nxc8 Qxc8 19. cxd5 cxd5 20. Rfc1 Rc6 21. Rc3
Rxc3 22. bxc3 Qc6 23. c4 dxc4 24. Bxc4 b5 25. axb6 Nxb6 26. Rxa6 Rxa6 27. Bxa6
Qc1+ 28. Nf1 Nfd5 29. Be5 Qc6 30. Bb5 Qc1 31. Be8 Bh6 32. Qb5 Bf8 33. Bc6 Nc3
34. Qa6 Nbd5 35. Bxd5 Nxd5 36. Qa8 Ne7 37. Bd6 Qc8 38. Qxe4 Nf5 39. Bxf8 Qxf8
40. g4 Nd6 41. Qd5 Qb8 42. Ng3 Ne8 43. Ne4 Qb6 44. Ng5 Qc7 45. Kg2 Nf6 46. Qe5
Qc6+ 47. Nf3 Nd7 48. Qf4 Kg7 49. e4 Qb5 50. Ne5 Nxe5 51. Qxe5+ Qxe5 52. dxe5
1-0

[Event "XV Konik Morski Rewala - Open B"]
[Site "Rewal"]
[Date "2010.08.19"]
[Round "1.13"]
[White "Murawko, Katarzyna"]
[Black "Czaja, Roman"]
[Result "0-1"]
[WhiteElo "1734"]
[BlackElo "2046"]
[PlyCount "70"]
[EventDate "2010.??.??"]

1. e4 d6 2. d4 g6 3. Nf3 Bg7 4. Nc3 c6 5. Bc4 Nf6 6. e5 dxe5 7. Nxe5 O-O 8. O-O
Bf5 9. g4 Bc8 10. Be3 Nbd7 11. h3 Nb6 12. Bb3 Nbd5 13. Nxd5 Nxd5 14. Qf3 Be6
15. c4 Nb6 16. Rfd1 f6 17. Nd3 Bxc4 18. Bxc4+ Nxc4 19. Nc5 Qd5 20. Qxd5+ cxd5
21. b3 Nxe3 22. fxe3 b6 23. Ne6 Rfc8 24. Rac1 Kf7 25. Nc7 Rab8 26. Nxd5 Bh6 27.
Kf2 Rxc1 28. Rxc1 Rd8 29. Nxe7 Kxe7 30. Rc7+ Rd7 31. Rxd7+ Kxd7 32. Kf3 Kd6 33.
Ke4 Ke6 34. a4 f5+ 35. gxf5+ gxf5+ 0-1

[Event "XV Konik Morski Rewala - Open B"]
[Site "Rewal"]
[Date "2010.08.19"]
[Round "1.14"]
[White "Weglarz, Joanna"]
[Black "Snihur, Piotr"]
[Result "0-1"]
[WhiteElo "2037"]
[BlackElo "1731"]
[PlyCount "113"]
[EventDate "2010.??.??"]

1. e4 c5 2. Nf3 d6 3. d4 cxd4 4. Nxd4 Nf6 5. Bd3 a6 6. c4 Nbd7 7. Nc3 e6 8. Be3
Be7 9. Rc1 O-O 10. b3 Ne5 11. f3 Bd7 12. O-O Rc8 13. Qd2 Qc7 14. Bb1 Rfd8 15.
Qf2 b6 16. h3 Qb8 17. g4 Rf8 18. g5 Ne8 19. f4 Nc6 20. Nxc6 Rxc6 21. f5 b5 22.
cxb5 axb5 23. Qg3 Bd8 24. fxe6 Bxe6 25. Bd3 Nc7 26. Ne2 Rxc1 27. Rxc1 Na6 28.
Nd4 Bd7 29. a4 bxa4 30. Bxa6 axb3 31. Rb1 b2 32. Bd3 Ba5 33. Qg2 Bc3 34. Ne2
Ba5 35. Bd4 Qb3 36. Nf4 Bb6 37. Bxb6 Qxb6+ 38. Qf2 Qa5 39. h4 Rb8 40. Qc2 Qe5
41. Ne2 Be6 42. Qc3 Qxc3 43. Nxc3 Rb3 44. Ne2 Rxd3 45. Rxb2 h6 46. g6 fxg6 47.
Nf4 Rd1+ 48. Kf2 Kf7 49. Rb7+ Kf6 50. Nxe6 Kxe6 51. Rxg7 Kf6 52. Rh7 h5 53. Rd7
Ke5 54. Rg7 Rh1 55. Rxg6 Rxh4 56. Rg5+ Kxe4 57. Kg3 0-1

[Event "XV Konik Morski Rewala - Open B"]
[Site "Rewal"]
[Date "2010.08.19"]
[Round "1.15"]
[White "Szczurek, Natalia"]
[Black "Szmidt, Przemyslaw"]
[Result "1/2-1/2"]
[WhiteElo "1729"]
[BlackElo "2033"]
[PlyCount "52"]
[EventDate "2010.??.??"]

1. e4 c5 2. Nf3 d6 3. d4 cxd4 4. Qxd4 Bd7 5. Bc4 Nc6 6. Qd3 Nf6 7. Bg5 e6 8.
Nc3 a6 9. a4 h6 10. Bh4 Ne5 11. Nxe5 dxe5 12. Rd1 Qc7 13. Bxf6 gxf6 14. O-O
O-O-O 15. Qe2 Bb4 16. Bb3 Bxc3 17. bxc3 h5 18. Qf3 Bc6 19. Qxf6 Bxe4 20. f3 Bc6
21. Rfe1 Rhg8 22. Rxd8+ Rxd8 23. Qxe5 Qb6+ 24. Qe3 Qa5 25. Qe5 Qb6+ 26. Qe3 Qa5
1/2-1/2

[Event "XV Konik Morski Rewala - Open B"]
[Site "Rewal"]
[Date "2010.08.19"]
[Round "1.16"]
[White "Koziej, Maciej"]
[Black "Nun, Grzegorz"]
[Result "1-0"]
[WhiteElo "2025"]
[BlackElo "1721"]
[PlyCount "113"]
[EventDate "2010.??.??"]

1. c4 c5 2. Nc3 Nc6 3. g3 d6 4. Bg2 g6 5. e3 Bg7 6. Nge2 Nf6 7. d3 O-O 8. a3
Bd7 9. Nf4 Rb8 10. h4 h5 11. Rb1 a6 12. b4 cxb4 13. axb4 b5 14. cxb5 axb5 15.
d4 Na7 16. e4 e5 17. dxe5 dxe5 18. Nfd5 Nxd5 19. Nxd5 Nc6 20. Bg5 f6 21. Be3
Bg4 22. f3 Be6 23. O-O Re8 24. Qd2 Bxd5 25. exd5 Ne7 26. Rfd1 Nf5 27. Bf2 Nd6
28. Rbc1 Rc8 29. Rc5 Bf8 30. Qc2 Kg7 31. Bh3 f5 32. g4 hxg4 33. fxg4 Rxc5 34.
bxc5 Ne4 35. gxf5 Nxf2 36. Qxf2 Qf6 37. d6 e4 38. fxg6 Qxg6+ 39. Qg2 e3 40. d7
Qxg2+ 41. Kxg2 e2 42. Re1 Rd8 43. c6 Bd6 44. Rxe2 Kf7 45. Be6+ Kf6 46. Bd5 Bc7
47. Kf3 b4 48. Re8 Kf5 49. Be4+ Kf6 50. Ke2 Kf7 51. Kd3 Kg7 52. Kc4 Kh6 53.
Kxb4 Kh5 54. Kb5 Kxh4 55. Ka6 Kg5 56. Kb7 Ba5 57. Rxd8 1-0

[Event "XV Konik Morski Rewala - Open B"]
[Site "Rewal"]
[Date "2010.08.19"]
[Round "1.17"]
[White "Majdecki, Robert"]
[Black "Kaczmarek, Aleksander"]
[Result "0-1"]
[WhiteElo "1717"]
[BlackElo "2012"]
[PlyCount "100"]
[EventDate "2010.??.??"]

1. d4 Nf6 2. Nf3 c5 3. Bg5 Ne4 4. Qd3 Nxg5 5. Nxg5 e6 6. Nf3 Nc6 7. c3 Qb6 8.
b3 d5 9. e3 Bd7 10. Be2 a5 11. Nbd2 Be7 12. O-O O-O 13. c4 cxd4 14. cxd5 exd5
15. Nxd4 Nb4 16. Qb1 Bf6 17. N2f3 Rfe8 18. Rc1 Nc6 19. Qd3 Re4 20. Qb5 Qxb5 21.
Nxb5 Bxa1 22. Rxa1 a4 23. bxa4 Rexa4 24. Nc3 Ra3 25. Nxd5 Rxa2 26. Re1 Ra1 27.
Kf1 Rxe1+ 28. Kxe1 Be6 29. Nc7 Ra1+ 30. Kd2 Ra2+ 31. Ke1 Bb3 32. Nb5 Rxe2+ 33.
Kxe2 Bc4+ 34. Kd2 Bxb5 35. Kc3 Bf1 36. g3 b5 37. Nd2 Bh3 38. Ne4 Be6 39. Nc5
b4+ 40. Kb2 Kf8 41. f4 Ke7 42. e4 Bc4 43. e5 h5 44. Ne4 Bd5 45. Nd6 Nd4 46. Kc1
f6 47. Kb2 fxe5 48. fxe5 Ke6 49. Ne8 Kxe5 50. Nxg7 Bf7 0-1

[Event "XV Konik Morski Rewala - Open B"]
[Site "Rewal"]
[Date "2010.08.19"]
[Round "1.18"]
[White "Krajewicz, Pawel"]
[Black "Prazmowski, Wlodzimierz"]
[Result "1-0"]
[WhiteElo "2005"]
[BlackElo "1701"]
[PlyCount "76"]
[EventDate "2010.??.??"]

1. d4 d5 2. c4 e6 3. Nc3 Nf6 4. cxd5 exd5 5. Bg5 c6 6. Qc2 Be7 7. e3 O-O 8. Bd3
h6 9. Bh4 Nbd7 10. Nge2 Re8 11. O-O Nf8 12. Rae1 Nh5 13. Bxe7 Qxe7 14. a3 Qg5
15. b4 Bh3 16. Ng3 Nxg3 17. hxg3 Bd7 18. Qb3 a6 19. Na4 Rad8 20. Nc5 Bc8 21. a4
Nd7 22. Rc1 Nxc5 23. Rxc5 Qf6 24. b5 axb5 25. axb5 Bd7 26. bxc6 bxc6 27. Rb1
Qd6 28. Rcc1 Rb8 29. Qc3 g6 30. Rxb8 Rxb8 31. Ra1 Qb4 32. Qc2 Kg7 33. Qd1 h5
34. Qf3 Qd6 35. Ra7 Be8 36. e4 dxe4 37. Qxe4 Rd8 38. Bc2 Rd7 1-0

[Event "XV Konik Morski Rewala - Open B"]
[Site "Rewal"]
[Date "2010.08.19"]
[Round "1.19"]
[White "Cwik, Jacek"]
[Black "Zakrzewski, Marek"]
[Result "0-1"]
[WhiteElo "1701"]
[BlackElo "1991"]
[PlyCount "32"]
[EventDate "2010.??.??"]

1. e4 Nc6 2. Nf3 e5 3. Nc3 Bc5 4. Nxe5 Nxe5 5. d4 Bd6 6. dxe5 Bxe5 7. f4 Bxc3+
8. bxc3 d6 9. Bc4 Nf6 10. e5 Bg4 11. Qd4 c5 12. Bb5+ Bd7 13. Qxd6 Bxb5 14. Qxc5
Qd5 15. Qd4 Qxg2 16. c4 Qxh1+ 0-1

[Event "XV Konik Morski Rewala - Open B"]
[Site "Rewal"]
[Date "2010.08.19"]
[Round "1.20"]
[White "Karcz, Bartlomiej"]
[Black "Mirski, Michal"]
[Result "0-1"]
[WhiteElo "1988"]
[BlackElo "1700"]
[PlyCount "100"]
[EventDate "2010.??.??"]

1. e4 c5 2. Nf3 d6 3. d4 cxd4 4. Nxd4 Nf6 5. Nc3 Nc6 6. Bc4 a6 7. Bb3 e6 8. f4
Bd7 9. O-O Nxd4 10. Qxd4 Bc6 11. f5 e5 12. Qc4 Qd7 13. Bg5 b5 14. Qe2 b4 15.
Nd5 Nxd5 16. Bxd5 Bxd5 17. exd5 Qb7 18. Qf3 Rc8 19. c3 bxc3 20. bxc3 Qb6+ 21.
Kh1 Qa5 22. Rab1 f6 23. Rb7 Be7 24. Qh5+ Kf8 25. Bxf6 gxf6 26. Qh6+ Kf7 27.
Rxe7+ Kxe7 28. Qg7+ Kd8 29. Qxh8+ Kc7 30. Qg7+ Kb6 31. Rb1+ Kc5 32. Qxf6 Qxa2
33. Re1 Rg8 34. g3 Qxd5+ 35. Kg1 Rb8 36. Qg5 Rb2 37. Qe3+ Kc4 38. Re2 Qd1+ 39.
Kf2 Rxe2+ 40. Qxe2+ Qxe2+ 41. Kxe2 Kd5 42. c4+ Kc6 43. g4 Kd7 44. g5 Ke7 45. h4
a5 46. h5 a4 47. Kd3 a3 48. h6 Kf7 49. g6+ hxg6 50. h7 Kg7 0-1

[Event "XV Konik Morski Rewala - Open B"]
[Site "Rewal"]
[Date "2010.08.19"]
[Round "1.21"]
[White "Bieniek, Kazimierz"]
[Black "Botor, Michal"]
[Result "0-1"]
[WhiteElo "1696"]
[BlackElo "1987"]
[PlyCount "44"]
[EventDate "2010.??.??"]

1. e4 c5 2. Nf3 e6 3. Nc3 Nc6 4. Be2 d5 5. exd5 exd5 6. d4 c4 7. O-O Nf6 8. Re1
Be7 9. b3 cxb3 10. axb3 O-O 11. Bf4 Bb4 12. Qd3 Bf5 13. Qxf5 Bxc3 14. Rad1 Bxe1
15. Nxe1 Re8 16. Kf1 Re4 17. c3 Ne7 18. Qg5 Ng6 19. Be5 h6 20. Qg3 Nd7 21. Bd3
Ndxe5 22. Bxe4 dxe4 0-1

[Event "XV Konik Morski Rewala - Open B"]
[Site "Rewal"]
[Date "2010.08.19"]
[Round "1.22"]
[White "Czernicki, Bogdan"]
[Black "Gotin, Evgeniy"]
[Result "1-0"]
[WhiteElo "1960"]
[BlackElo "1696"]
[PlyCount "73"]
[EventDate "2010.??.??"]

1. d4 Nf6 2. Nf3 b5 3. c3 Bb7 4. Bf4 e6 5. Nbd2 Be7 6. Qc2 c5 7. e3 a6 8. Be2
Nc6 9. O-O O-O 10. h3 Nd5 11. Bh2 Rc8 12. e4 Nf6 13. dxc5 Bxc5 14. e5 Nd5 15.
Ne4 Be7 16. Rac1 Na5 17. Qd3 Nc4 18. b3 Ncb6 19. Rfd1 h6 20. Nfd2 Qc7 21. Nd6
Bxd6 22. exd6 Qd8 23. Bf3 Qf6 24. Ne4 Qg6 25. Qe2 f5 26. Bh5 Qh7 27. c4 fxe4
28. cxd5 Nxd5 29. Qd2 Qf5 30. Bg4 Qf6 31. Bg3 b4 32. Rc4 Nc3 33. Rxb4 e3 34.
fxe3 Nxd1 35. Rxb7 Qf1+ 36. Kh2 Nf2 37. Bxe6+ {Czas} 1-0

[Event "XV Konik Morski Rewala - Open B"]
[Site "Rewal"]
[Date "2010.08.19"]
[Round "1.23"]
[White "Sowa, Martyna"]
[Black "Ziebinski, Bartosz"]
[Result "0-1"]
[WhiteElo "1695"]
[BlackElo "1954"]
[PlyCount "60"]
[EventDate "2010.??.??"]

1. e4 c5 2. Nf3 d6 3. d4 cxd4 4. Nxd4 Nf6 5. Nc3 a6 6. Bg5 e6 7. f4 Be7 8. Qf3
Qc7 9. O-O-O Nbd7 10. g4 b5 11. Bxf6 Nxf6 12. f5 b4 13. Nb1 e5 14. Nb3 Bb7 15.
N1d2 d5 16. Bd3 O-O 17. h4 a5 18. g5 dxe4 19. Nxe4 Nxe4 20. Bxe4 Bxe4 21. Qxe4
a4 22. Na1 a3 23. Rh3 axb2+ 24. Kxb2 Ra3 25. Rdd3 Qa7 26. Qc4 Ra8 27. Rxa3
bxa3+ 28. Kc3 Qa5+ 29. Kd3 Rd8+ 30. Ke3 Qe1+ 0-1

[Event "XV Konik Morski Rewala - Open B"]
[Site "Rewal"]
[Date "2010.08.19"]
[Round "1.24"]
[White "Grabowski, Adam"]
[Black "Skiba, Marta"]
[Result "1-0"]
[WhiteElo "1952"]
[BlackElo "1691"]
[PlyCount "39"]
[EventDate "2010.??.??"]

1. e4 e5 2. Nf3 Nc6 3. Bb5 a6 4. Ba4 Nf6 5. O-O Be7 6. Re1 b5 7. Bb3 O-O 8. c3
d5 9. exd5 Nxd5 10. d4 exd4 11. Nxd4 Nxd4 12. Qxd4 Bb7 13. Nd2 Bf6 14. Qg4 Nb6
15. Nf3 Re8 16. Be3 Qc8 17. Qh5 g6 18. Bxf7+ Kxf7 19. Qxh7+ Kf8 20. Bc5+ 1-0

[Event "XV Konik Morski Rewala - Open B"]
[Site "Rewal"]
[Date "2010.08.19"]
[Round "1.25"]
[White "Gorol, Jacek"]
[Black "Krupa, Jerzy"]
[Result "1/2-1/2"]
[WhiteElo "1684"]
[BlackElo "1947"]
[PlyCount "133"]
[EventDate "2010.??.??"]

1. c4 e5 2. Nc3 Nf6 3. g3 c6 4. Bg2 Bc5 5. e3 O-O 6. Nge2 d5 7. d4 exd4 8. exd4
Bb4 9. cxd5 Nxd5 10. O-O Nb6 11. a3 Be7 12. Qc2 Be6 13. b3 Na6 14. Be3 Qd7 15.
Nf4 Bf5 16. Be4 Bxe4 17. Qxe4 Rfe8 18. Qc2 Nc7 19. a4 a5 20. Rad1 Bb4 21. Bc1
Rad8 22. Ne4 Qf5 23. f3 h5 24. Qg2 Nbd5 25. Ne2 g6 26. h3 Qe6 27. g4 h4 28. Qf2
f5 29. Nf4 Nxf4 30. Bxf4 Nd5 31. gxf5 Qxf5 32. Bg5 Rd7 33. Qxh4 Rh7 34. Qg4
Rxh3 35. Qxf5 gxf5 36. Kg2 Rh5 37. Nf6+ Nxf6 38. Bxf6 Re3 39. Rb1 Bd6 40. Kf2
f4 41. Rg1+ Kf7 42. Be5 Bxe5 43. dxe5 Rh3 44. Rg5 Rhxf3+ 45. Kg2 Rg3+ 46. Rxg3
Rxg3+ 47. Kf2 Ke6 48. b4 b6 49. bxa5 bxa5 50. Rb6 Kxe5 51. Rxc6 Rd3 52. Ke2 Rd4
53. Rc5+ Rd5 54. Rc4 Rd4 55. Rc5+ Ke4 56. Rxa5 f3+ 57. Ke1 Ke3 58. Re5+ Kf4 59.
Ra5 Rb4 60. Ra8 Rb1+ 61. Kf2 Rb2+ 62. Kf1 Ra2 63. a5 Ke3 64. Re8+ Kd3 65. Rf8
Ke3 66. Re8+ Kf4 67. Rf8+ 1/2-1/2

[Event "XV Konik Morski Rewala - Open B"]
[Site "Rewal"]
[Date "2010.08.19"]
[Round "1.26"]
[White "Swiech, Piotr"]
[Black "Nun, Ryszard"]
[Result "1-0"]
[WhiteElo "1943"]
[BlackElo "1684"]
[PlyCount "65"]
[EventDate "2010.??.??"]

1. d4 Nf6 2. c4 g6 3. Nc3 d5 4. cxd5 Nxd5 5. e4 Nxc3 6. bxc3 Bg7 7. Bc4 c5 8.
Ne2 Nc6 9. Be3 Na5 10. Bd3 c4 11. Bxc4 Nxc4 12. Qa4+ Bd7 13. Qxc4 Rc8 14. Qb4
b5 15. O-O O-O 16. Rfc1 Rc4 17. Qb3 Qa8 18. f3 Rfc8 19. Nf4 e6 20. Nd3 a5 21.
Nb2 a4 22. Qd1 Rxc3 23. Rxc3 Rxc3 24. Nd3 Qc8 25. Bf2 a3 26. Nc5 Rxc5 27. dxc5
Bxa1 28. Qxa1 Qb8 29. Qf6 e5 30. Bg3 Qa7 31. Qd8+ Kg7 32. Bxe5+ Kh6 33. Qh4#
1-0

[Event "XV Konik Morski Rewala - Open B"]
[Site "Rewal"]
[Date "2010.08.19"]
[Round "1.27"]
[White "Szolc, Grzegorz"]
[Black "Miechowicz, Witold"]
[Result "1-0"]
[WhiteElo "1678"]
[BlackElo "1935"]
[PlyCount "91"]
[EventDate "2010.??.??"]

1. e4 e5 2. Nf3 Nf6 3. Nxe5 d6 4. Nf3 Nxe4 5. Qe2 Qe7 6. d3 Nf6 7. Bg5 Be6 8.
Nc3 h6 9. Bh4 Nc6 10. O-O-O O-O-O 11. d4 d5 12. Ne5 g5 13. Nxc6 bxc6 14. Qa6+
Kd7 15. Bg3 Nh5 16. Nb5 Nxg3 17. hxg3 Bg7 18. Qb7 Rc8 19. Nxa7 Qd6 20. Nxc8
Rxc8 21. Be2 f5 22. Rhe1 Rf8 23. a4 Ke7 24. a5 Kf7 25. a6 Bc8 26. Qb3 Bd7 27.
a7 Ra8 28. Qb7 Qf8 29. Qxc7 Qd8 30. Bh5+ Kg8 31. Qxd8+ Rxd8 32. Re3 Ra8 33. Ra3
Bf8 34. Ra1 Kg7 35. Rd3 Bd6 36. Rb3 Kf6 37. Rb7 Ke7 38. Be2 Kd8 39. Kd2 Bc7 40.
Rb3 Bd6 41. c4 f4 42. cxd5 fxg3 43. fxg3 cxd5 44. Bf3 Bc6 45. Rb6 Kd7 46. Raa6
1-0

[Event "XV Konik Morski Rewala - Open B"]
[Site "Rewal"]
[Date "2010.08.19"]
[Round "1.28"]
[White "Knap, Jerzy"]
[Black "Poswiatowski, Stanislaw"]
[Result "1-0"]
[WhiteElo "1931"]
[BlackElo "1667"]
[PlyCount "83"]
[EventDate "2010.??.??"]

1. d4 d5 2. c4 c6 3. e3 Nf6 4. Nc3 e6 5. Nf3 dxc4 6. Bxc4 b5 7. Bd3 Bb7 8. O-O
Be7 9. Qc2 O-O 10. Ng5 h6 11. Nge4 Nbd7 12. Bd2 a6 13. Nxf6+ Nxf6 14. Ne4 Rc8
15. Nc5 Qc7 16. h3 Rfd8 17. Be2 Bxc5 18. dxc5 Qe7 19. Rfd1 Rd5 20. Rac1 Rcd8
21. Bf3 Rd3 22. Bc3 Rxd1+ 23. Rxd1 Rxd1+ 24. Qxd1 Qxc5 25. Qd8+ Qf8 26. Bxf6
gxf6 27. Qxf6 Qg7 28. Qe7 Ba8 29. Qa7 Qf8 30. Qxa6 Qe8 31. b4 e5 32. Be4 Qf8
33. a3 Kg7 34. Bxc6 Bxc6 35. Qxc6 Qb8 36. a4 bxa4 37. Qxa4 Qc7 38. b5 Qc1+ 39.
Kh2 Qe1 40. Qg4+ Kf8 41. Qf5 e4 42. b6 1-0